Ekonomika rastie rýchlo a zdravo

Rast slovenskej ekonomiky v druhom štvrťroku r. 2003. Domáci a zahraničný dopyt. Export. Pokles spotreby domácností. Pokles spotreby verejnej správy. Nedošlo k očakávanému oživeniu investícií. Predpokladaný rast slovenskej ekonomiky. Naša ekonomika je najlepšia v stredoeurópskom regióne.

Guardado en:
Detalles Bibliográficos
Autor principal: Kláseková, Martina
Formato: Capítulo de libro
Lenguaje:eslovaco
Materias:
Etiquetas: Agregar Etiqueta
Sin Etiquetas, Sea el primero en etiquetar este registro!

MARC

LEADER 00000naa$a2200000$$$4500
001 0003577
005 20230921115039.6
041 0 |a slo 
044 |a SK 
245 1 0 |a Ekonomika rastie rýchlo a zdravo  |c aut. Martina Kláseková 
520 |a Rast slovenskej ekonomiky v druhom štvrťroku r. 2003. Domáci a zahraničný dopyt. Export. Pokles spotreby domácností. Pokles spotreby verejnej správy. Nedošlo k očakávanému oživeniu investícií. Predpokladaný rast slovenskej ekonomiky. Naša ekonomika je najlepšia v stredoeurópskom regióne. 
610 2 0 |a rast hospodársky 
610 2 0 |a dopyt domáci 
610 2 0 |a spotreba 
610 2 0 |a domácnosti 
610 2 0 |a investície 
610 2 0 |a Slovensko 
610 2 0 |a 2003 
100 1 |a Kláseková, Martina